000 00760nas a2200253 4500
001 BR0801424
003 BR-BrBNA
005 20231205111703.0
007 ta
008 230509b bl.|||p| |||| 00| 00por d
040 _aBR-BrBNA
_bpor
_cBiblioteca Nacional de Agricultura
041 _a(En)
072 _aL60
100 1 _aBecker, V.O.
100 1 _aCamargo, A.J.A. de
245 1 _aTree new species of Saturniidae (Lepidoptera)from Central Brazil
650 _aMARIPOSA
650 _aTAXONOMIA ANIMAL
650 _aECOLOGIA ANIMAL
650 _aBRASIL CENTRAL
773 0 _tRevista Brasileira de Zoologia (Brazil)
_xISSN 0101-8175
_g(Marc 2001), v. 18(1) p. 163-170
_wBR0801424
909 _a202311
_bLúcia
_c55
_dLúcia Elande
942 _2AGRIS
_n0
_cANA
999 _c193953
_d193953